FIFA 17 Top 10 French Center Attacking Midfielders - Statistics

General Stats
  • This quiz has been taken 29 times
  • The average score is 2 of 10
Answer Stats
Rank Player OVA % Correct
1 Hatem Ben Arfa 84
84%
2 Rémy Cabella 80
48%
3 Yoann Gourcuff 79
32%
5 Sylvain Marveaux 75
12%
6 Marvin Martin 74
8%
10 Steed Malbranque 71
8%
4 Valentin Eysseric 76
8%
7 Benjamin Corgnet 74
4%
9 Édouard Duplan 73
4%
8 Nejamin Nivet 73
4%
No matching quizzes found
Score Distribution
Percent of People with Each Score
Percentile by Number Answered
Your Score History
You have not taken this quiz